Quizzes
Events
Quiz Creation
Community
Videos
Private Events
Remove Ads
Sign In
Join for FREE
Feedback
Dark Mode
Quiz Categories
Sports
Geography
Music
Movies
Television
Just For Fun
Miscellaneous
History
Literature
Language
Science
Gaming
Entertainment
Religion
Holiday
For Kids
Quiz Lab
Recent
Popular Today
Quiz Kudos Today
Editor Picks
Curator Picks
Quizzes by...
Day
Popularity
Type
Ratings
Length
Year
Community
Subscriptions
Recent Discussions
Orange Saloon
Badges
Playlists
Quests
Create
Leaderboards
Showdown
Live 5
Trivia Bingo
Activity
Puzzle Library
Sporcle Events
Private Events
Virtual Trivia
Globe League
Become a Host
Pub Owners
SporcleCon
Opinionation
Our Games
Videos
Blog
Mobile Apps
Partnerships
Remove Ads and Go Orange
Feedback
Sports
Athletes
MLB
NBA
NHL
NFL
Soccer
Sports Teams
WWE
NCAA
Football
Premier League
Basketball
Baseball
Hockey
Golf
Tennis
Cricket
Rugby
Auto Racing
Olympics
World Cup
Sports
Athletes
MLB
NBA
NHL
NFL
Soccer
Sports Teams
WWE
NCAA
Football
Premier League
Basketball
Baseball
Hockey
Golf
Tennis
Cricket
Rugby
Auto Racing
Olympics
World Cup
Random Quiz
Search Sporcle
×
Quiz Lab
Quiz Lab
Sports
Football
Type in answers that appear in a list
Type in answers that appear in a list
Classic
Best Score? Go Orange.
Top 50 Current College QBs Stats
Can you name the Top 50 College QBs for 2012-2013?
By
nvme
5m
50 Questions
196 Plays
196 Plays
196 Plays
Comments
Comments
Give Quiz Kudos
Give Quiz Kudos
-
- Ratings
hide this ad
Replay
Link that replays current quiz
Next Quiz
Link to next quiz in quiz playlist
You Got
0%
They Got
Avg Score
28%
Avg Friend Score
Upgrade to see
Score Distribution
Jump to the score distribution portion of the page
Score
0/50
Timer
05:00
0
Plays Today
Rank
Player
% Correct
1
Matt Barkley
92.3%
3
Landry Jones
82.7%
4
Geno Smith
77%
10
Denard Robinson
71.4%
33
Brett Smith
71.4%
2
Tyler Wilson
68.4%
6
Aaron Murray
66.3%
11
Tajh Boyd
53.6%
14
A.J. McCarron
51%
8
Tyler Bray
48%
24
Taylor Martinez
48%
15
E.J. Manuel
47.4%
20
Braxton Miller
45.9%
18
Logan Thomas
42.9%
12
Collin Klein
39.8%
9
James Franklin
38.8%
7
Casey Pachall
32.1%
25
Connor Shaw
32.1%
5
Keith Price
30.1%
31
Teddy Bridgewater
28.6%
47
Tanner Price
28.6%
13
Mike Glennon
27.6%
39
Jordan Rodgers
24%
27
B.J. Daniels
23.5%
50
Blake Bell
21.9%
Rank
Player
% Correct
26
Nathan Scheelhaase
20.4%
30
Derek Carr
18.4%
42
Dayne Crist
18.4%
21
Bryn Renner
15.8%
35
Seth Doege
15.8%
45
Tino Sunseri
15.8%
22
Tyler Tettleton
14.8%
32
Tevin Washington
13.8%
34
Kain Colter
12.2%
37
Andrew Maxwell
11.7%
17
Riley Nelson
11.2%
48
James Vandenberg
11.2%
29
Jordan Wynn
9.2%
23
Clint Chelf
8.7%
16
Ryan Aplin
7.7%
44
Rakeem Cato
7.7%
19
Alex Carder
7.1%
41
Zach Maynard
7.1%
49
Chuckie Keeton
6.6%
28
Munchie Legaux
6.1%
43
Colby Cameron
4.6%
46
Jared Barnett
3.6%
36
Blaine Gautier
3.1%
38
Matt Schilz
2%
40
Terrance Owens
2%
Quiz Playlist
Details
Report
Send in Message
Add To Playlist
Classic:
Type in answers that appear in a list
Quiz Source
Last Updated: Feb 16, 2017
Quiz Scoreboard
CHALLENGE
Sign Up to Join the Scoreboard
Show All
Scores
Hide
Comments
May contain spoilers
Recently Published
9x9 Crossword: Cartoon Network
by jackfrog10
Miscellaneous
3m
College Basketball Coaching Resumes
by pancakes188
Sports
9m
Billboard Blitz: Fleetwood Mac
by CooCooCachoo
Music
15s
More to Explore
Quiz From the Vault
Featured Blog Post
Where Did the Easter Bunny Come From?
hide this ad
You Might Also Like...
Tags
College Quiz
Football Quiz
NCAA Quiz
NCAA Football
Quarterbacks
Today's Top Quizzes in Sports
Browse Sports
hide this ad
Today's Top Quizzes in Football
Browse Football
Top Contributed Quizzes in Sports
1
2022 World Cup Stars
2
Les meilleurs buteurs des matchs entre le PSG et l’OM
3
FIFA Club World Cup Champions
4
Les entraîneurs de l'OM et du PSG au 21e siècle
5
Criteria MLB: Left Handed Sluggers
6
2023 MLB Unique Player Accomplishments
7
AFC Teams Reveal (Wrong Answers Minefield)
8
Players with Multiple 50 Home Run Seasons
9
5-to-1: FBS Animal Nicknames
10
5-to-1: UK Sports Teams
Explore More
Trending Topics
Kpop
Disney
Marvel
Harry Potter
Crossword
Anime
NBA
WWE
Song
Soccer
Puzzle
Pokémon
Country
NFL
The Office
hide this ad
More By:
nvme
Quiz
Plays
Rating
Category
Featured
Created
2010 Top 25 College Football Quarterback
2,762
4.25
Sports
Oct 1, 2010
Top 50 NFL QBs
1,295
1.60
Sports
Feb 28, 2012
2010 Heisman Race
582
5.00
Sports
Sep 23, 2010
2010 Top 25 College Football Tailbacks
422
2.50
Sports
Oct 1, 2010
2011 Top 25 College Football Quarterbacks
369
4.33
Sports
Sep 21, 2011
Go to Creator's Profile
Score Distribution
Quiz Creator Spotlight
nvme
Follow
Send a Message
Quizzes Created
-
Created Quiz Play Count
-
More By This Creator
Popular Quizzes Today
1
Find the US States - No Outlines Minefield
2
Find the Countries of Europe - No Outlines Minefield
3
The Countries of the World
4
Find the US States
5
Risky Map Clicking: Biggest States A-Z
6
US States
7
Popular People in 1961
8
Movies - When Are They Set?
More Sports Quizzes
Athletes on Comic Book Covers II
Published
Trending Quizzes
Risky Map Clicking: Least Populous States A-Z
1-10 Letter G Words
Risky Map Clicking: Next State Alphabetically
Adjectives in 80s TV Shows
Risky Map Clicking: Biggest States A-Z
Recently Updated
Leaping Animals
pecheneg
Reality TV Shows (A-Z)
bhenderson79
Rickey Henderson's Hall of Fame Teammates
pecheneg
Champions League XIs: Arsenal
pecheneg
Quick Pick: Celebrities in WWE's Hall of Fame
aduchscher
A-Z Keypad Blitz II
pecheneg
Multiple Oscar Actors
pecheneg
Mystery Phrase Blitz: Oscar 'Best Actors'
pecheneg
F. Scott Fitzgerald Novels
LTH
Pick 3 Villains
ddd62291
Trending Topics
NBA
Anime
Marvel
Crossword
Kpop
Harry Potter
Disney
Pokémon
Soccer
Song
Puzzle
Country
WWE
NFL
The Office
Your Account Isn't Verified!
In order to create a playlist on Sporcle, you need to verify the email address you used during registration. Go to your
Sporcle Settings
to finish the process.
Report this User
Report this user for behavior that violates our
Community Guidelines
.
Details:
Send Report
Go to the Sporcle.com Mobile Site →
Comments